<?xml version="1.0" encoding="UTF-8"?>
<marc:record xmlns:marc="http://www.loc.gov/MARC21/slim">
   <marc:leader>00000nam a2200000 a 4500</marc:leader>
   <marc:datafield ind1="1" ind2=" " tag="100">
      <marc:subfield code="a">Hunter, Erin</marc:subfield>
      <marc:subfield code="4">aut</marc:subfield>
      <marc:subfield code="e">Verfasser/-in</marc:subfield>
   </marc:datafield>
   <marc:datafield ind1=" " ind2=" " tag="653">
      <marc:subfield code="a">Antolin</marc:subfield>
   </marc:datafield>
   <marc:datafield ind1=" " ind2=" " tag="653">
      <marc:subfield code="a">Klasse-6</marc:subfield>
   </marc:datafield>
   <marc:datafield ind1="0" ind2="0" tag="245">
      <marc:subfield code="a">Sonnenuntergang</marc:subfield>
   </marc:datafield>
   <marc:datafield ind1=" " ind2="1" tag="264">
      <marc:subfield code="b">Beltz &amp; Gelberg</marc:subfield>
      <marc:subfield code="c">2012</marc:subfield>
   </marc:datafield>
   <marc:datafield ind1="1" ind2=" " tag="490">
      <marc:subfield code="a">Warrior cats - die neue Prophezeiung</marc:subfield>
   </marc:datafield>
   <marc:datafield ind1="1" ind2=" " tag="520">
      <marc:subfield code="a">Mithilfe von Träumen bildet Tigerstern seine Söhne Habichtfrost und Brombeerkralle aus, um seine finsteren Absichten zu vollenden. Während Habichtfrost dem Wunsch seines Vaters folgt, bleibt Brombeerkralle zwischen Loyalität und eigenen Ambitionen hin- und hergerissen. Als es Habichtfrost gelingt, Feuerstern gefangen zu nehmen, fordert er Brombeerkralle auf, ihn zu töten. - Das Finale der 2. Staffel (zuletzt "Dämmerung", ID-A 7/12) begeistert mit einer Melange aus Konkurrenz, Kampf und inneren Konflikten. Insbesondere die quälende Zerrissenheit von Brombeerkralle fühlt der Leser intensiv mit. Wie mancher Vorgänger setzt sich auch dieser Band vorbildlich mit dem Umgang einer unglücklichen Liebe auseinander. Eichhornschweif wendet sich von Aschenpelz ab und Brombeerkralle zu, Blattsee darf als Heilerin Krähenfeder nicht zum Partner nehmen. Behutsam und verständnisvoll werden unterschiedliche Blickwinkel beleuchtet, wird Trauer zugelassen und Trost gespendet, die Entscheidungen aber respektiert. Als Brombeerkralle das Erbe seines Vaters abschüttelt, endet ein substanzhaltiges, ergreifendes Abenteuer</marc:subfield>
   </marc:datafield>
   <marc:datafield ind1=" " ind2=" " tag="020">
      <marc:subfield code="a">9783407811028</marc:subfield>
      <marc:subfield code="9">9783407811028</marc:subfield>
   </marc:datafield>
</marc:record>
